000 00343nam a2200133Ia 4500
005 20260328101454.0
008 260328s9999||||xx |||||||||||||| ||und||
100 _aHeck, Marina
245 0 _aGrandes Metrópolis de América Latina /
_cMarina Heck
260 _bFondo de Cultura Económica
300 _a320 p.
650 _aCIUDAD
942 _cBK
999 _c8766
_d8766